000
00297nam a2200121Ia 4500
008
190216s9999||||xx |||||||||||||| ||und||
100
_a
Soni R N
245
0
_a
Leading Issues In Agricultural Economics
260
_b
Vishal Publcations
_c
2002
300
_a
694p
650
_a
Economics
942
_c
BK
999
_c
10040
_d
10040